Faculty of Law Library — Cairo University

Official Online Catalog

Human rights in a changing world / (Record no. 61471)

MARC details
000 -LEADER
fixed length control field 01075pam a2200349 i 4500
003 - CONTROL NUMBER IDENTIFIER
control field EG-GICUC
005 - DATE AND TIME OF LATEST TRANSACTION
control field 20260208092627.0
008 - FIXED-LENGTH DATA ELEMENTS--GENERAL INFORMATION
fixed length control field 900619s1990 it frb 001 0 eng d
020 ## - INTERNATIONAL STANDARD BOOK NUMBER
International Standard Book Number 0745614094
020 ## - INTERNATIONAL STANDARD BOOK NUMBER
International Standard Book Number 9780745614090
020 ## - INTERNATIONAL STANDARD BOOK NUMBER
International Standard Book Number 0745607233
020 ## - INTERNATIONAL STANDARD BOOK NUMBER
International Standard Book Number 0745614094 (pbk)
040 ## - CATALOGING SOURCE
Original cataloging agency DLC
Transcribing agency DLC
Modifying agency DLC
-- EG-GICUC
Language of cataloging eng
Description conventions rda
041 1# - LANGUAGE CODE
Language code of text/sound track or separate title eng
Language code of original ita
050 00 - LIBRARY OF CONGRESS CALL NUMBER
Classification number K3240.4
Item number .C36813 1990
082 00 - DEWEY DECIMAL CLASSIFICATION NUMBER
Classification number 341.48
Edition number 21
092 04 - LOCALLY ASSIGNED DEWEY CALL NUMBER (OCLC)
Edition number 21
099 ## - LOCAL FREE-TEXT CALL NUMBER (OCLC)
Classification number Law 11 1990
100 1# - MAIN ENTRY--PERSONAL NAME
Personal name Cassese, Antonio.
245 10 - TITLE STATEMENT
Title Human rights in a changing world /
Statement of responsibility, etc. Antonio Cassese.
264 ## - PRODUCTION, PUBLICATION, DISTRIBUTION, MANUFACTURE, AND COPYRIGHT NOTICE
Place of production, publication, distribution, manufacture Roma-Bari :
Name of producer, publisher, distributor, manufacturer Polity Press,
Date of production, publication, distribution, manufacture, or copyright notice 1990.
300 ## - PHYSICAL DESCRIPTION
Extent vi, 245 page ;
Dimensions 24 cm.
336 ## - CONTENT TYPE
Content type term text
Source rdacontent
337 ## - MEDIA TYPE
Media type term Computer
Source rdamedia
338 ## - CARRIER TYPE
Carrier type term Online Resource
Source rdacarrier
500 ## - GENERAL NOTE
General note Rev. translation of: I diritti umani nel mondo contemporaneo.
504 ## - BIBLIOGRAPHY, ETC. NOTE
Bibliography, etc. note Includes bibliographical references (p. [227]-235) and index.
650 #0 - SUBJECT ADDED ENTRY--TOPICAL TERM
Topical term or geographic name entry element Human rights.
856 40 - ELECTRONIC LOCATION AND ACCESS
Uniform Resource Identifier <a href="https://fll.law.cu.edu.eg/fulltext/bks/ENGB11-00130.pdf">https://fll.law.cu.edu.eg/fulltext/bks/ENGB11-00130.pdf</a>
905 ## - Cataloger and Reviser Names
Cataloger Name: Hend El khosy
942 ## - ADDED ENTRY ELEMENTS (KOHA)
Source of classification or shelving scheme Dewey Decimal Classification
Koha item type Books
Edition 21
Suppress in OPAC No
Holdings
Withdrawn status Lost status Source of classification or shelving scheme Damaged status Not for loan Collection Home library Current library Date acquired Total checkouts Full call number Barcode Date last seen Copy number Price effective from Koha item type Public note
    Dewey Decimal Classification     القانون الدولي العام جــــامعة القــاهرة مكتبة كلية الحقوق - فـرع الشيخ زايد 08.02.2026   Law2 11 341.48 CA . H 1990 1100130 C1 ENGB11-00130 08.02.2026 1 08.02.2026 Books 2195

© All rights reserved — Faculty of Law, Cairo University